Quizzes
Events
Quiz Creation
Community
Videos
Private Events
Remove Ads
Sign In
Join for FREE
Feedback
Dark Mode
Quiz Categories
Sports
Geography
Music
Movies
Television
Just For Fun
Miscellaneous
History
Literature
Language
Science
Gaming
Entertainment
Religion
Holiday
For Kids
Quiz Lab
Recent
Popular Today
Quiz Kudos Today
Editor Picks
Curator Picks
Quizzes by...
Day
Popularity
Type
Ratings
Length
Year
Community
Subscriptions
Recent Discussions
Orange Saloon
Badges
Playlists
Quests
Create
Leaderboards
Showdown
Live 5
Trivia Bingo
Activity
Puzzle Library
Sporcle Events
Private Events
Virtual Trivia
Globe League
Become a Host
Pub Owners
SporcleCon
Opinionation
Our Games
Videos
Blog
Mobile Apps
Partnerships
Remove Ads and Go Orange
Feedback
Sports
Athletes
MLB
NBA
NHL
NFL
Soccer
Sports Teams
WWE
NCAA
Football
Premier League
Basketball
Baseball
Hockey
Golf
Tennis
Cricket
Rugby
Auto Racing
Olympics
World Cup
Sports
Athletes
MLB
NBA
NHL
NFL
Soccer
Sports Teams
WWE
NCAA
Football
Premier League
Basketball
Baseball
Hockey
Golf
Tennis
Cricket
Rugby
Auto Racing
Olympics
World Cup
Random Quiz
Search Sporcle
×
Quiz Lab
Quiz Lab
Sports
Scottish Football
Select answers by clicking on text or image buttons
Select answers by clicking on text or image buttons
Clickable
Best Score? Go Orange.
SPL/SFL managers through the years Stats
Can you pick the SPL managers through the years?
By
purplefrogg6
10m
42 Questions
269 Plays
269 Plays
269 Plays
Comments
Comments
Give Quiz Kudos
Give Quiz Kudos
-
- Ratings
hide this ad
Forced Order
Answers have to be entered in order
Answers have to be entered in order
Replay
Link that replays current quiz
Next Quiz
Link to next quiz in quiz playlist
You Got
0%
They Got
Avg Score
43%
Avg Friend Score
Upgrade to see
Score Distribution
Jump to the score distribution portion of the page
Score
0/42
Timer
10:00
0
Plays Today
% Correct
Dick Advocaat
88.8%
Jozef Venglos
81.8%
Gus MacPherson
75.5%
Ebbe Skovdahl
73.2%
Frank Sauzee
72.1%
Jackie McNamara
64.7%
John Robertson
63.6%
Marcio Maximo Barcellos
55.4%
Eric Black
53.9%
Stephen Kenny
52.4%
Charlie Christie
51.7%
Allan Maitland
49.1%
Gordon Chisholm
49.1%
Allan Maitland
48.7%
Jimmy Calderwood
48%
Allan Moore
47.2%
Harry Cairney
45%
Jim McInally
42.8%
Gordon Durie
42.4%
Mixu Paatelainen
42%
Alex Smith
41.6%
% Correct
Ian McCall
39.4%
Kenny Black
39%
John McGlashan
37.9%
Jim Chapman
36.8%
Campbell Money
36.1%
Colin Hendry
35.3%
Paul Martin
33.1%
Steven Tweed
32.7%
John Connolly
32%
John McCormack
32%
Brian Irvine
31.6%
Davie Irons
29%
Steve Paterson
29%
Ray Farningham
28.6%
Alan Kernaghan
27.1%
James Grady
27.1%
Gerry Britton
23.4%
Jocky Scott
22.3%
Jim Duffy
20.4%
Dick Campbell
18.6%
Sandy Clarke
14.9%
Quiz Playlist
Details
Report
Send in Message
Add To Playlist
Clickable:
Select answers by clicking on text or image buttons
Forced Order:
Answers have to be entered in order
Last Updated: Feb 16, 2017
Quiz Scoreboard
CHALLENGE
Sign Up to Join the Scoreboard
Show All
Scores
Hide
Comments
May contain spoilers
Recently Published
Presidents Visiting Landmarks
by Hejman
History
7m
An Introduction to Baseball
by treessimontrees
Sports
5m
Movies - When Are They Set?
by FPL_Elf
Movies
5m
More to Explore
Quiz From the Vault
Featured Blog Post
Where Did the Easter Bunny Come From?
hide this ad
You Might Also Like...
Tags
Manager
Scotland
scottish
Scottish Clubs
Scottish Football
Scottish League
sfl
spl
SPL Clubs
Today's Top Quizzes in Sports
Browse Sports
hide this ad
Today's Top Quizzes in Scottish Football
Browse Scottish Football
Top Contributed Quizzes in Sports
1
Les meilleurs buteurs des matchs entre le PSG et l’OM
2
2022 World Cup Stars
3
FIFA Club World Cup Champions
4
Les entraîneurs de l'OM et du PSG au 21e siècle
5
Name the Premier League winners with different clubs
6
La finale Lions - Afrique du Sud 2021
7
5-to-1: UK Sports Teams
8
England Test cricketers to play under Nasser Hussain
9
Players with Multiple 50 Home Run Seasons
10
AFC Teams Reveal (Wrong Answers Minefield)
Explore More
Trending Topics
Harry Potter
Marvel
Crossword
Kpop
Anime
NBA
Disney
WWE
NFL
Puzzle
Country
Song
The Office
Soccer
Pokémon
hide this ad
More By:
purplefrogg6
Quiz
Plays
Rating
Category
Featured
Created
Rangers Top-5 Scorers since 98/99
3,404
Sports
Apr 24, 2017
Celtic Top-5 Scorers since 98/99
2,789
5.00
Sports
Mar 31, 2017
SPL/SPFL Premiership top scorers by season
1,883
4.57
Sports
May 21, 2012
Rangers Opening Day XIs
1,604
4.75
Sports
Apr 27, 2013
Aberdeen Top-5 Scorers since 98/99
1,159
Sports
Mar 31, 2017
Go to Creator's Profile
Score Distribution
Quiz Creator Spotlight
purplefrogg6
Follow
Send a Message
Quizzes Created
-
Created Quiz Play Count
-
More By This Creator
Popular Quizzes Today
1
Find the US States - No Outlines Minefield
2
Find the Countries of Europe - No Outlines Minefield
3
The Countries of the World
4
Find the US States
5
Popular People in 1961
6
US States
7
Risky Map Clicking: Biggest States A-Z
8
1-10 Letter E Words III
More Sports Quizzes
Premier League Teams with 'B'
Published
Trending Quizzes
Risky Map Clicking: Least Populous States A-Z
1-10 Letter G Words
1-10 Letter F Words
Risky Map Clicking: Next State Alphabetically
Risky Map Clicking: Biggest States A-Z
Recently Updated
Leaping Animals
pecheneg
Reality TV Shows (A-Z)
bhenderson79
Rickey Henderson's Hall of Fame Teammates
pecheneg
Champions League XIs: Arsenal
pecheneg
Quick Pick: Celebrities in WWE's Hall of Fame
aduchscher
A-Z Keypad Blitz II
pecheneg
Multiple Oscar Actors
pecheneg
Mystery Phrase Blitz: Oscar 'Best Actors'
pecheneg
F. Scott Fitzgerald Novels
LTH
Pick 3 Villains
ddd62291
Trending Topics
Harry Potter
Kpop
Disney
NBA
Crossword
Anime
Marvel
Puzzle
Country
Song
Pokémon
Soccer
The Office
WWE
NFL
Your Account Isn't Verified!
In order to create a playlist on Sporcle, you need to verify the email address you used during registration. Go to your
Sporcle Settings
to finish the process.
Report this User
Report this user for behavior that violates our
Community Guidelines
.
Details:
Send Report
Go to the Sporcle.com Mobile Site →
Comments